00721 2200253 4500001002100000005001700021008004100038020002200079035002500101040001200126082001000138084001800148100001900166245008300185250001100268260003000279300004000309650003200349700002000381850001200401990001800413990001800431990001800449INLIS00000000001873820160323152848.0  a978-602-978-987-4 a0010-031600000000748 aYOPDYOG a372.7 aK 372.7 Ari M aARIS SUGIHARTO aMengajar mudah matematika untuk TKc/ Aris Sugiharto ; editor Erine Nareswati. aCet.1. aYogyakartabLaksanac2011 a104 hlm.b: ilus.c;2 3 cm [3 eks.] aPendidikan Dasar-Matematika aErine Nareswati aYOPDYOG a50892-PD/A.16 a50913-PD/A.16 a50914-PD/A.16